• 首页
  • 本馆介绍
  • 公告通知
  • 最新文献
  • 馆藏检索
  • 电子资源
  • 读者导购
  • 参考咨询
  • 我的图书馆
  • 登录
  • 详细信息显示
  • 放入我的书架
  • 预约/预借图书
  • 作者相关作品
  • 分类相关作品
  • 丛书相关作品
  • 出版社相关作品

书目信息

  • 表格格式
  • 工作单格式
  • 卡片格式
题名:
贤能政治
    
 
作者: 贝淡宁 著 ;吴万伟 译
分册:  
出版信息: 北京   中信出版集团股份有限公司  2016
页数: 40,419页
开本: 23cm
丛书名:
单 册:
中图分类: D616 , D621
科图分类:
主题词: 社会主义建设模式--研究--中国 , 政治制度--研究--中国
电子资源:
ISBN: 978-7-5086-6485-9
000 01201nam0 2200289 450
001 012001001455
005 20140921103355.0
010    @a978-7-5086-6485-9@dCNY69.00
100    @a20161014d2016 em y0chiy50 ea
101 1  @achi@ceng
102    @aCN@b110000
105    @ay z 000yy
106    @ar
200 1  @a贤能政治@9xian neng zheng zhi@e为什么尚贤制比选举民主制更适合中国@dThe China model@epolitical meritocracy and the limits of democracy@f(加)贝淡宁(Daniel A. Bell)著@g吴万伟译@zeng
210    @a北京@c中信出版集团股份有限公司@d2016
215    @a40,419页@d23cm
306    @a本书限中国大陆发行
330    @a本书从“贤能政治”受儒家思想影响的深厚渊源开始追溯,到皇权时期的科举制度,再到21世纪的中国严格选拔参与国家治理的精英团队,作者清晰地梳理了“贤能政治”的发展脉络及其如何促进中国经济与社会的稳定发展。
510 1  @aChina model@epolitical meritocracy and the limits of democracy@zeng
606 0  @a社会主义建设模式@x研究@y中国
606 0  @a政治制度@x研究@y中国
690    @aD616@v5
690    @aD621@v5
701  0 @c(加)@a贝淡宁@9bei dan ning@c(Bell, Daniel A.)@4著
702  0 @a吴万伟@9wu wan wei@4译
801  0 @aCN@b上海新华@c20180901
905    @b1156445-9@dD616@e229@f5
    
    贤能政治:为什么尚贤制比选举民主制更适合中国=The China model:political meritocracy and the limits of democracy/(加)贝淡宁(Daniel A. Bell)著/吴万伟译.-北京:中信出版集团股份有限公司,2016
    40,419页;23cm
    
    
    ISBN 978-7-5086-6485-9:CNY69.00
    本书从“贤能政治”受儒家思想影响的深厚渊源开始追溯,到皇权时期的科举制度,再到21世纪的中国严格选拔参与国家治理的精英团队,作者清晰地梳理了“贤能政治”的发展脉络及其如何促进中国经济与社会的稳定发展。
●
相关链接 在E读中查询图书 在五车中查询图书 在当当中查询图书 在豆瓣中查询图书


正题名:贤能政治     索取号:D616/229         预约/预借

序号 登录号 条形码 馆藏地/架位号 状态 备注
1 1156445   211564458   第一样本阅览室/ [索取号:D616/229] 在馆    
2 1156446   211564467   第一借阅区/ [索取号:D616/229] 在馆    
3 1156447   211564476   第一借阅区/ [索取号:D616/229] 在馆    
4 1156448   211564485   密集书库-史法系/ [索取号:D616/229] 在馆    
5 1156449   211564494   第一借阅区/ [索取号:D616/229] 在馆    
唐山师范学院图书馆 欢迎您!
大连网信软件有限公司© 版权所有